000 00756nam a2200229Ia 4500
001 14620
003 GE_BSU
008 181216s||||||||xx |||||||||||||| ||und||
040 _cGE_BSU
080 _a821.353.1-32
100 _aინანიშვილი,რ.
245 _aწვეთები ფოთლებზე
245 _bმოთხრობები
245 _cრედ.ნ.ჟღენტი. მხატვ.ი.მჭედლიშვილი
260 _aთბილისი
260 _bსაბჭოთა საქართველო
260 _c1962
300 _a189გვ.17სმ.
653 _aმოთხრობები
653 _aწვეთები ფოთლებზე
942 _cBK
999 _c47749
_d47749